000 00774nam a2200205Ii 4500
003 JO-AjNU
008 230605s9999||||xx |||||||||||||| ||und||
017 _a1983/143
040 _aJO-AjNU
_bara
_erda
_cJO-AjNU
041 _aara
050 1 4 _aBF181.1983
100 3 _aجيفيز،مالكولم ، الجصاني،ضياء/ترجمة ، الحمداني،موفق/مراجعة,
_eauthor
_910162
245 0 0 _aعلم النفس التجريبي
264 3 1 _aالموصل:وزارة التعليم العالي والبحث العلمي،1983
300 _a127ص
_bقائمة مصطلحات من ص 119-ص122
336 _atext
_btxt
_2rdacontent
337 _aunmediated
_bn
_2rdamedia
338 _avolume
_bnc
_2rdacarrier
650 4 _aعلم نفس تجريبي
_910163
999 _aA1667
_c5235
_d5235